[Event "Asian Continental-ch Open 2019"]
[Site "XingTai"]
[Date "2019.06.13"]
[Round "7.11"]
[White "Chanda, Sandipan"]
[Black "Aravindh, Chithambaram VR."]
[Result "1/2-1/2"]
[WhiteElo "2511"]
[BlackElo "2598"]
[Annotator "ChessBase"]
[PlyCount "300"]
[EventDate "2019.06.06"]
[EventType "swiss"]
[EventCountry "CHN"]
[SourceTitle "playchess.com"]
[Source "ChessBase"]
[SourceQuality "1"]
[TimeControl "40/5400+30:1800+30"]

1. d4 {[%emt 0:00:00]} Nf6 {[%emt 0:00:00]} 2. Nf3 {[%emt 0:00:00]} g6 {[%emt 0:00:00]} 3. Nbd2 {[%emt 0:00:00]} Bg7 {[%emt 0:00:03]} 4. e4 {[%emt 0:00:02]} d6 {[%emt 0:00:07]} 5. Be2 {[%emt 0:00:14]} O-O {[%emt 0:00:09]} 6. O-O {[%emt 0:00:11]} c6 {[%emt 0:00:24]} 7. c3 {[%emt 0:00:24]} Qc7 {[%emt 0:00:28]} 8. Qc2 {[%emt 0:02:04]} Nbd7 {[%emt 0:00:26]} 9. a4 {[%emt 0:00:40]} e5 {[%emt 0:03:34]} 10. dxe5 {[%emt 0:00:16]} Nxe5 {[%emt 0:00:35]} 11. Nxe5 {[%emt 0:00:11]} dxe5 {[%emt 0:00:05]} 12. a5 {[%emt 0:07:56]} Be6 {[%emt 0:00:29]} 13. Bc4 {[%emt 0:01:10]} Bxc4 {[%emt 0:01:15]} 14. Nxc4 {[%emt 0:02:46]} b5 {[%emt 0:00:10]} 15. axb6 {[%emt 0:00:45]} axb6 {[%emt 0:00:05]} 16. Be3 {[%emt 0:01:08]} b5 {[%emt 0:02:28]} 17. Nd2 {[%emt 0:01:07]} Nd7 {[%emt 0:00:58]} 18. c4 {[%emt 0:03:01]} bxc4 {[%emt 0:01:22]} 19. Qxc4 {[%emt 0:05:00]} Qb7 {[%emt 0:04:11]} 20. b3 {[%emt 0:09:40]} Rfc8 {[%emt 0:00:52]} 21. Ra4 {[%emt 0:10:45]} Nf8 {[%emt 0:11:19]} 22. Rc1 {[%emt 0:14:30]} Ne6 {[%emt 0:04:05]} 23. Rxa8 {[%emt 0:00:32]} Qxa8 {[%emt 0:01:23]} 24. b4 {[%emt 0:00:52]} Rb8 {[%emt 0:02:12]} 25. Qxc6 {[%emt 0:02:08]} Qxc6 {[%emt 0:01:23]} 26. Rxc6 {[%emt 0:00:07]} Rxb4 {[%emt 0:00:04]} 27. Rc8+ {[%emt 0:00:12]} Bf8 {[%emt 0:00:55]} 28. g3 {[%emt 0:05:21]} f6 {[%emt 0:00:50]} 29. f4 {[%emt 0:01:20]} exf4 {[%emt 0:02:43]} 30. gxf4 {[%emt 0:00:07]} Kf7 {[%emt 0:01:22]} 31. f5 {[%emt 0:10:21]} gxf5 {[%emt 0:00:09]} 32. exf5 {[%emt 0:00:06]} Rg4+ {[%emt 0:00:08]} 33. Kf2 {[%emt 0:01:20]} Ng7 {[%emt 0:01:30]} 34. Bh6 {[%emt 0:04:12]} Bd6 {[%emt 0:02:20]} 35. h3 {[%emt 0:06:08]} Rd4 {[%emt 0:05:37]} 36. Nf3 {[%emt 0:03:43]} Rd5 {[%emt 0:00:07]} 37. Bxg7 {[%emt 0:00:31]} Kxg7 {[%emt 0:00:06]} 38. Rc6 {[%emt 0:02:17]} Bc5+ {[%emt 0:01:15]} 39. Kg3 {[%emt 0:01:24]} Rxf5 {[%emt 0:00:12]} 40. Rc7+ {[%emt 0:00:00]} Kh6 {[%emt 0:00:00]} 41. Rc6 {[%emt 0:07:55]} Be7 {[%emt 0:02:56]} 42. Nh4 {[%emt 0:02:15]} Ra5 {[%emt 0:05:25]} 43. Ng2 {[%emt 0:06:23]} Kg5 {[%emt 0:03:36]} 44. h4+ {[%emt 0:03:08]} Kg6 {[%emt 0:03:07]} 45. Kg4 {[%emt 0:01:41]} h5+ {[%emt 0:00:23]} 46. Kf3 {[%emt 0:00:08]} Ra3+ {[%emt 0:00:58]} 47. Ke4 {[%emt 0:01:25]} Ra4+ {[%emt 0:06:35]} 48. Kf3 {[%emt 0:00:06]} Rd4 {[%emt 0:00:32]} 49. Nf4+ {[%emt 0:00:35]} Kf5 {[%emt 0:00:20]} 50. Nxh5 {[%emt 0:00:49]} Rxh4 {[%emt 0:00:05]} 51. Ng3+ {[%emt 0:00:57]} Kg6 {[%emt 0:00:48]} 52. Re6 {[%emt 0:00:27]} Ba3 {[%emt 0:00:46]} 53. Re4 {[%emt 0:01:10]} Rh8 {[%emt 0:00:22]} 54. Rg4+ {[%emt 0:00:17]} Kf7 {[%emt 0:00:05]} 55. Ra4 {[%emt 0:00:37]} Bb2 {[%emt 0:00:36]} 56. Ra7+ {[%emt 0:00:39]} Kg6 {[%emt 0:00:41]} 57. Kg4 {[%emt 0:00:13]} Rb8 {[%emt 0:00:57]} 58. Ra4 {[%emt 0:00:39]} Rb5 {[%emt 0:00:18]} 59. Ne2 {[%emt 0:02:58]} f5+ {[%emt 0:01:00]} 60. Kf3 {[%emt 0:00:07]} Rb3+ {[%emt 0:01:27]} 61. Kg2 {[%emt 0:00:10]} Be5 {[%emt 0:01:46]} 62. Nf4+ {[%emt 0:02:31]} Kg5 {[%emt 0:00:58]} 63. Nh3+ {[%emt 0:00:15]} Kf6 {[%emt 0:00:13]} 64. Ra6+ {[%emt 0:00:14]} Ke7 {[%emt 0:00:05]} 65. Ng1 {[%emt 0:00:16]} Rb2+ {[%emt 0:00:31]} 66. Kf3 {[%emt 0:00:40]} Bc7 {[%emt 0:03:54]} 67. Ne2 {[%emt 0:01:35]} Be5 {[%emt 0:01:43]} 68. Ng1 {[%emt 0:00:44]} Kf7 {[%emt 0:00:16]} 69. Ke3 {[%emt 0:01:27]} Rb3+ {[%emt 0:00:15]} 70. Kd2 {[%emt 0:00:54]} f4 {[%emt 0:00:59]} 71. Rc6 {[%emt 0:03:23]} f3 {[%emt 0:02:37]} 72. Nh3 {[%emt 0:00:17]} Bf6 {[%emt 0:01:21]} 73. Rc4 {[%emt 0:01:31]} Ke6 {[%emt 0:01:29]} 74. Nf4+ {[%emt 0:04:53]} Kf5 {[%emt 0:00:50]} 75. Nd3 {[%emt 0:00:07]} Bg5+ {[%emt 0:01:53]} 76. Kc2 {[%emt 0:00:02]} Rb5 {[%emt 0:00:05]} 77. Rc8 {[%emt 0:02:13]} Kg4 {[%emt 0:01:39]} 78. Kc3 {[%emt 0:01:43]} Rf5 {[%emt 0:03:01]} 79. Rc4+ {[%emt 0:00:31]} Kh3 {[%emt 0:01:54]} 80. Kd4 {[%emt 0:00:33]} Rf8 {[%emt 0:02:46]} 81. Rc7 {[%emt 0:00:25]} Rg8 {[%emt 0:02:15]} 82. Ke4 {[%emt 0:00:17]} Kg3 {[%emt 0:00:07]} 83. Rc3 {[%emt 0:00:22]} Bf6 {[%emt 0:05:53]} 84. Rb3 {[%emt 0:00:54]} Re8+ {[%emt 0:01:59]} 85. Kf5 {[%emt 0:00:01]} Bd4 {[%emt 0:00:05]} 86. Rb4 {[%emt 0:00:40]} Rf8+ {[%emt 0:03:23]} 87. Ke4 {[%emt 0:00:13]} Bc5 {[%emt 0:02:46]} 88. Rb7 {[%emt 0:00:33]} Re8+ {[%emt 0:00:30]} 89. Kf5 {[%emt 0:00:03]} Bd4 {[%emt 0:00:06]} 90. Rb4 {[%emt 0:00:15]} Rd8 {[%emt 0:00:04]} 91. Rb3 {[%emt 0:00:11]} Rf8+ {[%emt 0:03:15]} 92. Ke4 {[%emt 0:00:07]} Bh8 {[%emt 0:00:42]} 93. Rb6 {[%emt 0:00:22]} Rg8 {[%emt 0:00:10]} 94. Rh6 {[%emt 0:00:37]} Ba1 {[%emt 0:01:21]} 95. Ra6 {[%emt 0:00:40]} Bc3 {[%emt 0:00:53]} 96. Rc6 {[%emt 0:00:05]} Bd2 {[%emt 0:00:34]} 97. Rb6 {[%emt 0:01:19]} Rg7 {[%emt 0:02:59]} 98. Rb3 {[%emt 0:00:31]} Bf4 {[%emt 0:03:24]} 99. Ne5 {[%emt 0:00:49]} Bxe5 {[%emt 0:00:04]} 100. Rxf3+ {[%emt 0:00:02]} Kg4 {[%emt 0:00:04]} 101. Rd3 {[%emt 0:00:09]} Re7 {[%emt 0:00:13]} 102. Rd5 {[%emt 0:00:12]} Bf6+ {[%emt 0:00:34]} 103. Kd3 {[%emt 0:00:04]} Kf4 {[%emt 0:00:04]} 104. Rc5 {[%emt 0:00:10]} Rd7+ {[%emt 0:00:31]} 105. Kc4 {[%emt 0:00:07]} Ke4 {[%emt 0:00:09]} 106. Rb5 {[%emt 0:00:17]} Bd4 {[%emt 0:01:16]} 107. Kb3 {[%emt 0:00:10]} Kd3 {[%emt 0:00:06]} 108. Kb4 {[%emt 0:00:16]} Rc7 {[%emt 0:00:17]} 109. Kb3 {[%emt 0:00:31]} Rc4 {[%emt 0:00:52]} 110. Rb7 {[%emt 0:00:19]} Rc1 {[%emt 0:01:08]} 111. Rb5 {[%emt 0:00:09]} Bc5 {[%emt 0:01:36]} 112. Ka4 {[%emt 0:00:26]} Kd4 {[%emt 0:00:24]} 113. Rb3 {[%emt 0:00:42]} Kc4 {[%emt 0:01:10]} 114. Rb4+ {[%emt 0:00:04]} Kd5 {[%emt 0:00:02]} 115. Rb3 {[%emt 0:00:26]} Kc6 {[%emt 0:00:06]} 116. Rd3 {[%emt 0:01:39]} Rb1 {[%emt 0:00:05]} 117. Rc3 {[%emt 0:00:15]} Rb2 {[%emt 0:01:39]} 118. Rc4 {[%emt 0:00:43]} Rb7 {[%emt 0:04:21]} 119. Rc3 {[%emt 0:00:29]} Rb8 {[%emt 0:00:09]} 120. Rc2 {[%emt 0:00:40]} Rb4+ {[%emt 0:02:47]} 121. Ka3 {[%emt 0:00:05]} Kd5 {[%emt 0:00:05]} 122. Rb2 {[%emt 0:01:26]} Rb8+ {[%emt 0:00:38]} 123. Ka2 {[%emt 0:00:04]} Ra8+ {[%emt 0:00:08]} 124. Kb3 {[%emt 0:00:39]} Bd4 {[%emt 0:01:47]} 125. Ra2 {[%emt 0:00:09]} Rb8+ {[%emt 0:01:10]} 126. Kc2 {[%emt 0:00:09]} Ke4 {[%emt 0:00:03]} 127. Kd2 {[%emt 0:00:28]} Rh8 {[%emt 0:01:45]} 128. Rc2 {[%emt 0:00:13]} Rh3 {[%emt 0:00:06]} 129. Ke2 {[%emt 0:00:09]} Bc3 {[%emt 0:00:24]} 130. Kd1 {[%emt 0:00:07]} Rh1+ {[%emt 0:00:50]} 131. Ke2 {[%emt 0:00:02]} Kd4 {[%emt 0:00:06]} 132. Kf3 {[%emt 0:00:07]} Kd3 {[%emt 0:00:05]} 133. Rg2 {[%emt 0:00:07]} Be5 {[%emt 0:00:08]} 134. Kg4 {[%emt 0:00:27]} Rf1 {[%emt 0:00:15]} 135. Kg5 {[%emt 0:00:28]} Bd4 {[%emt 0:00:17]} 136. Rg4 {[%emt 0:00:15]} Kc4 {[%emt 0:00:12]} 137. Rf4 {[%emt 0:00:48]} Re1 {[%emt 0:00:12]} 138. Kf5 {[%emt 0:00:22]} Kd5 {[%emt 0:00:05]} 139. Rg4 {[%emt 0:00:24]} Be5 {[%emt 0:00:15]} 140. Rg2 {[%emt 0:00:28]} Rf1+ {[%emt 0:00:09]} 141. Kg4 {[%emt 0:00:50]} Rf4+ {[%emt 0:00:20]} 142. Kg5 {[%emt 0:00:10]} Ke6 {[%emt 0:00:07]} 143. Rg4 {[%emt 0:00:44]} Rf8 {[%emt 0:00:20]} 144. Kg6 {[%emt 0:00:09]} Bf4 {[%emt 0:00:13]} 145. Kh5 {[%emt 0:00:06]} Rf5+ {[%emt 0:01:15]} 146. Kg6 {[%emt 0:00:13]} Rf6+ {[%emt 0:00:04]} 147. Kg7 {[%emt 0:00:20]} Bh6+ {[%emt 0:00:05]} 148. Kh7 {[%emt 0:00:39]} Kf5 {[%emt 0:00:04]} 149. Rg1 {[%emt 0:01:15]} Re6 {[%emt 0:01:55]} 150. Rg2 {[%emt 0:00:29]} Be3 {[%emt 0:00:38]} 1/2-1/2

[Event "Asian Continental-ch Open 2019"]
[Site "XingTai"]
[Date "2019.06.13"]
[Round "7.12"]
[White "Laylo, Darwin"]
[Black "Zeng, Chongsheng"]
[Result "1-0"]
[WhiteElo "2433"]
[BlackElo "2561"]
[Annotator "TA"]
[PlyCount "109"]
[EventDate "2019.06.06"]
[EventType "swiss"]
[EventCountry "CHN"]
[SourceTitle "playchess.com"]
[Source "ChessBase"]
[SourceQuality "1"]

{[%evp 13,109,-15,-8,-18,0,0,15,0,0,-12,0,0,-1,0,0,0,0,0,0,0,45,43,106,89,89,96,92,99,179,178,168,181,235,202,206,209,256,245,318,301,311,171,181,81,75,62,57,45,33,41,71,82,154,154,150,145,148,143,143,143,135,131,197,183,246,227,257,257,301,291,444,444,444,444,429,424,417,417,577,567,632,629,617,593,775,749,1287,1278,1994,1994,6206,6070,5825,5704,5180,4404,29976,29976]} 1. d4 Nf6 2. c4 g6 3. Nc3 d5 4. e3 Bg7 5. Qb3 e6 6. Nf3 O-O 7. Bd2 Nc6 8. Ne5 {D95: Grünfeld: 4 Nf3 Bg7 5 e3 0-0 6 Qb3} (8. cxd5 exd5 9. Be2 Ne7 10. O-O c6 11. Na4 {½-½ (11) Berkes,F (2665)-Kovchan,A (2558) Zalakaros 2014}) 8... Ne7 $146 ({Predecessor:} 8... Na5 9. Qb4 b6 10. c5 Bb7 11. Qa4 c6 12. b4 Nc4 13. Nxc6 Qc7 14. Bxc4 dxc4 15. b5 a6 16. cxb6 Qxb6 {1-0 (53) Benderac,A (2281)-Filipovic,I (2116) Jahorina 2003}) 9. Rd1 a6 10. a4 {The position is equal.} c5 11. dxc5 Qc7 12. Nd3 dxc4 13. Qxc4 e5 14. Be2 Be6 15. Qb4 Nc6 16. Qa3 $1 g5 17. f3 e4 (17... Rfd8 $14) 18. Nxe4 $16 Nxe4 19. fxe4 Ne5 20. Nf2 g4 (20... b6 $16) 21. Bc3 $18 h5 22. Bd4 Rae8 (22... f5 {is a better defense.} 23. O-O f4) 23. Qc3 Bd7 24. b3 Bc6 25. O-O Re6 26. Nd3 Bxe4 27. Nxe5 (27. Nf4 $142) 27... Bxe5 {[#]} 28. Bxe5 (28. Bd3 $1 $18 {[%cal Rd3e4] is the precise move to win.} Bc6 29. Kh1) 28... Qxe5 $16 29. Qxe5 Rxe5 30. Rd7 Bc6 31. Rc7 Rxe3 32. Bc4 Kg7 ({Black should try} 32... g3) 33. Bxf7 ({Weaker is} 33. Rcxf7+ Rxf7 34. Rxf7+ Kg6 $11) 33... Kh6 {[#]} 34. Rf5 $1 h4 35. Rh5+ Kg7 36. Rg5+ Kf6 37. Rxg4 Re1+ ({Don't blunder} 37... Rxf7 $2 38. Rf4+ Kg6 39. Rcxf7 $18) (37... Rd8 $16) 38. Kf2 $18 Rc1 (38... Re5 $142) 39. Rxh4 Rxc5 {...Rf5+ is the strong threat.} 40. Rh6+ Ke5 41. Ke3 Rc1 (41... Rc3+ $142 42. Kd2 Rc5) 42. Re7+ Kf5 {Strongly threatening ...Re1+.} 43. Be6+ Kg5 44. Reh7 {[%csl Gh6,Gh7][%cal Rh2h4]} Re1+ 45. Kd2 Re4 46. g3 Rf2+ 47. Kc3 {Hoping for h4+.} Rf3+ 48. Kb2 Rf2+ 49. Ka3 Rxh2 50. Rxh2 Rxe6 {KRR-KRB} 51. Rg7+ Kf5 52. Rf2+ Ke5 53. Re2+ Be4 54. Rg4 Kd4 {[#]} 55. Rgxe4+ $1 {Accuracy: White = 87%, Black = 33%.} 1-0

[Event "Asian Continental-ch Open 2019"]
[Site "XingTai"]
[Date "2019.06.13"]
[Round "7.13"]
[White "Sengupta, Deep"]
[Black "Zhao, Chenxi"]
[Result "1-0"]
[WhiteElo "2559"]
[BlackElo "2383"]
[Annotator "TA"]
[PlyCount "81"]
[EventDate "2019.06.06"]
[EventType "swiss"]
[EventCountry "CHN"]
[SourceTitle "playchess.com"]
[Source "ChessBase"]
[SourceQuality "1"]

{[%evp 11,81,36,40,29,35,26,29,35,35,35,56,56,56,56,50,47,45,41,79,83,101,96,98,96,126,108,126,126,126,122,142,142,142,118,187,114,171,165,171,171,171,171,215,208,191,165,190,170,199,108,300,273,469,428,700,612,604,599,579,510,491,491,521,515,509,508,507,497,497,497,454,434]} 1. e4 c5 2. Nf3 e6 3. d4 cxd4 4. Nxd4 a6 5. c4 Nf6 6. Nc3 Bb4 7. Qd3 {B41: Sicilian: Kan Variation: 5 c4} (7. Bd3 Nc6 8. Nxc6 dxc6 9. O-O e5 10. Qe2 O-O 11. a3 Bc5 12. Be3 Bd4 13. Bxd4 exd4 14. Na4 Re8 15. b4 a5 16. c5 axb4 17. axb4 Bg4 {½-½ (26) Corrales Jimenez,F (2559)-Caruana,F (2828) chess.com INT 2019}) 7... Nc6 8. Nxc6 dxc6 9. Qxd8+ {White has an edge.} Kxd8 10. e5 Ne4 11. a3 Bxc3+ 12. bxc3 Kc7 13. a4 a5 14. h4 $146 ({Predecessor:} 14. Be3 b6 {½-½ (30) Espinosa Aranda,A (2453)-Korneev,O (2550) Las Palmas 2017}) 14... h5 15. Rh3 Bd7 16. Bd3 Nc5 17. Bc2 b6 18. Rf3 Be8 19. Rg3 g6 20. Bg5 Bd7 21. Rf3 Rh7 22. Rd1 Rg8 (22... Re8 $16) 23. Rf4 ({White should try} 23. Be7 $18) 23... Bc8 (23... f5 $16) 24. Rfd4 $18 f5 25. Bd8+ ({Much less strong is} 25. exf6 $6 e5 $16) 25... Kb7 26. Rb1 Nd7 {[#]} 27. Bxb6 $1 {[%mdl 512]} Nxe5 (27... Nxb6 28. c5) 28. c5 Ka8 29. Bxa5 Ba6 30. Bb6 (30. Rb6 $18 Ka7 31. Rbb4) 30... Nd7 $2 (30... g5 $16) 31. a5 {[%cal Ba4a5,Ba5a6][%mdl 32]} Nf6 $2 (31... g5 32. Rbd1 Nb8 33. hxg5 Rxg5) 32. Ba4 {White is clearly winning.} Ne4 (32... Rc8 $142 33. Rd6 Ne4 34. Bxc6+ Bb7) 33. Bxc6+ {[%mdl 64] Double Attack} Bb7 34. Bxb7+ Kxb7 {[#]} 35. a6+ $1 Kc6 (35... Kxa6 36. Ra4+) 36. Ba5 e5 37. Rdb4 Ra7 38. Rb6+ Kxc5 39. R1b5+ Kc4 {Black hopes to continue with ...Rga8.} 40. Rxe5 Rc8 41. Ke2 {Accuracy: White = 75%, Black = 41%.} 1-0

[Event "Asian Continental-ch Open 2019"]
[Site "XingTai"]
[Date "2019.06.13"]
[Round "7.14"]
[White "Praggnanandhaa R"]
[Black "Karthik Venkataraman"]
[Result "1/2-1/2"]
[WhiteElo "2537"]
[BlackElo "2499"]
[Annotator "TA"]
[PlyCount "142"]
[EventDate "2019.06.06"]
[EventType "swiss"]
[EventCountry "CHN"]
[SourceTitle "playchess.com"]
[Source "ChessBase"]
[SourceQuality "1"]

{[%evp 12,142,24,22,41,40,39,34,45,12,35,42,33,25,41,36,44,49,45,22,27,33,23,13,39,-3,-18,-131,-134,-119,-131,-103,-102,-147,-121,-85,-113,-139,-110,-120,-76,-75,-86,-107,-49,-118,-117,-128,-121,-109,-107,-149,-155,-157,-135,-164,8,8,8,8,19,29,52,10,63,64,66,66,66,77,60,50,52,52,84,84,84,84,84,84,84,84,135,135,135,84,84,0,84,84,84,84,84,84,84,84,84,84,84,84,84,84,84,84,84,84,84,84,84,84,84,84,84,84,84,84,84,84,84,30,84,82,60,26,84,84,84,84,84,84,84,0,84]} 1. e4 c5 2. Nf3 d6 3. d4 cxd4 4. Nxd4 Nf6 5. Nc3 a6 6. h3 e6 7. g4 Nfd7 $146 {B81: Sicilian Scheveningen: Keres Attack} ({Predecessor:} 7... Be7 8. g5 Nfd7 9. Be3 b5 10. a3 {½-½ (33) Svidler,P (2748)-Donchenko,A (2559) Caleta 2017}) 8. g5 b5 9. a3 Bb7 {White is slightly better.} 10. Be3 Be7 11. h4 Nc6 12. Qd2 O-O 13. O-O-O Nc5 14. f3 Rb8 15. Nxc6 Bxc6 16. b4 Nd7 17. h5 a5 18. g6 axb4 19. h6 (19. axb4 $11 h6 20. gxf7+ Rxf7 21. Bh3) 19... fxg6 $17 20. Bh3 Rf6 21. axb4 gxh6 22. Bd4 e5 23. Qxh6 {Be6+! would kill now.} Rf7 (23... exd4 24. Be6+ $1 {[%mdl 512]} Rxe6 25. Qxh7+ Kf8 26. Qh8+ Kf7 27. Rh7#) 24. Rdg1 Nf8 ({Wrong is} 24... exd4 $2 25. Be6 $1 $18 {[%mdl 512]}) 25. Bf2 Bf6 ({But not} 25... Rxf3 $2 26. Be6+ $1 {[%mdl 512]} Nxe6 27. Qxh7+ Kf8 28. Qh8+ Kf7 29. Rh7+ Ng7 30. Qxg7+ Ke8 31. Qxg6+ Kd7 32. Bh4 $18) 26. Qd2 Bg7 27. Be3 Rxf3 (27... Qe8 $17 28. Rd1 Rf6) 28. Bg4 ({White should try} 28. Rf1 $1 $15 Rxf1+ 29. Rxf1) 28... Rf7 29. Nd5 Ra8 30. Kb2 Ra4 31. Ra1 Bxd5 {[%mdl 64] Overworked Piece} 32. Qxd5 Rxb4+ 33. Kc1 Ra4 $2 (33... Qc7 $19 {...Qc3 is the strong threat.} 34. Rf1 (34. Ra7 $2 Qc4 $19) 34... Qc4 35. Rxf7 Qxd5 36. exd5 Kxf7 37. Ra7+ Kf6) 34. Rxa4 $11 bxa4 35. Be2 Nd7 36. Bc4 Qf8 37. Bg5 {And now Rf1! would win.} (37. Rd1 $5 {[%cal Rd5d6]} Nf6 38. Qxd6 $14) 37... Nb6 (37... Bf6 $11 38. Be3 Be7) 38. Qxf7+ $14 Qxf7 39. Bxf7+ Kxf7 40. Rxh7 {[%mdl 4096] Endgame aiming for Bh6. KRB-KBN} Kg8 41. Rh3 {[%mdl 1024] White has compensation.} Nd7 42. Rc3 Bf6 43. Be3 Kf7 44. Ra3 Ke6 45. Rxa4 Bd8 46. Ra6 Nf6 (46... Bh4 $142) 47. Bg5 $16 Be7 {[#]} 48. Ra4 (48. Bxf6 $142 $1 Bxf6 49. Kd2) 48... Nd7 49. Be3 (49. Bxe7 {is more complex.} Kxe7 50. Kd2 Nc5 51. Rb4 Kf7 52. Ke3) 49... Bd8 $1 50. Kd2 Bb6 51. Bxb6 Nxb6 {KR-KN} 52. Ra1 Nd7 53. Rg1 Kf6 54. Kc3 {Threatens to win with Kc4.} Kf7 55. Kc4 {Hoping for Kd5.} Nf6 56. Kd3 Nd7 57. Rh1 Ke6 58. Rh8 Nc5+ 59. Ke3 Kf6 60. Rb8 Ke6 61. Kf3 Kf6 62. Rb4 Ke6 63. Rb1 Kf6 64. Re1 Ke6 65. Kg4 (65. Rd1 $16) 65... Kf6 (65... d5 $1 $11) 66. Re3 Ke6 67. Kg5 Kf7 (67... d5 $1 $11 {remains equal.}) 68. Kh6 Kf6 69. Re2 Kf7 70. Re1 Kf6 71. Re2 Kf7 $1 {Accuracy: White = 66%, Black = 62%.} 1/2-1/2

[Event "Asian Continental-ch Open 2019"]
[Site "XingTai"]
[Date "2019.06.13"]
[Round "7.15"]
[White "Gomez, John Paul"]
[Black "Xu, Yinglun"]
[Result "1/2-1/2"]
[WhiteElo "2467"]
[BlackElo "2548"]
[Annotator "TA"]
[PlyCount "35"]
[EventDate "2019.06.06"]
[EventType "swiss"]
[EventCountry "CHN"]
[SourceTitle "playchess.com"]
[Source "ChessBase"]
[SourceQuality "1"]

{[%evp 9,35,8,15,5,5,7,11,3,11,0,0,0,0,0,0,0,0,0,0,0,7,-8,-8,-13,0,0,0,-25]} 1. Nf3 Nf6 2. c4 e6 3. d4 d5 4. e3 Be7 5. b3 c5 {The position is equal.} 6. dxc5 {D30: Queen's Gambit Declined: Systems without Nc3} Bxc5 7. Bb2 O-O 8. Nc3 Nc6 9. cxd5 exd5 10. Be2 d4 11. exd4 Nxd4 12. Nxd4 Bxd4 13. O-O {[#]} Be6 $146 ({Predecessor:} 13... Bf5 14. Bf3 Rc8 15. Na4 Bxb2 16. Nxb2 b5 17. Qxd8 Rfxd8 {1-0 (40) Sagalchik,G (2487)-Vescovi,G (2648) playchess.com INT 2004}) 14. Bf3 Rc8 15. Qd2 Be5 16. Qe3 Bd4 17. Qd2 Be5 18. Qe3 1/2-1/2

[Event "Asian Continental-ch Open 2019"]
[Site "XingTai"]
[Date "2019.06.13"]
[Round "7.16"]
[White "Vignesh N R"]
[Black "Wan, Yunguo"]
[Result "1-0"]
[WhiteElo "2459"]
[BlackElo "2531"]
[Annotator "RC"]
[PlyCount "63"]
[EventDate "2019.06.06"]
[EventType "swiss"]
[EventCountry "CHN"]
[SourceTitle "playchess.com"]
[Source "ChessBase"]
[SourceQuality "1"]
[TimeControl "40/5400+30:1800+30"]

1. e4 {[%emt 0:00:00]} c5 {[%emt 0:02:42]} 2. Nf3 {[%emt 0:00:00]} Nc6 {[%emt 0:00:24]} 3. Nc3 {[%emt 0:00:00]} Nf6 {[%emt 0:03:34]} 4. Bb5 {[%emt 0:00:00]} Nd4 {[%emt 0:00:43]} 5. e5 {[%emt 0:01:30]} Nxb5 {[%emt 0:00:30]} 6. Nxb5 {[%emt 0:00:07]} Nd5 {[%emt 0:00:07]} 7. Ng5 {[%emt 0:00:30]} f5 {[%emt 0:02:44]} 8. O-O {[%emt 0:06:09]} a6 {[%emt 0:14:49]} 9. Nc3 {[%emt 0:08:07]} Nxc3 {[%emt 0:02:30]} 10. dxc3 {[%emt 0:03:09]} e6 {[%emt 0:00:23]} 11. Qf3 {[%emt 0:08:36]} Be7 {[%emt 0:02:42]} 12. Qh5+ {[%emt 0:06:26]} g6 {[%emt 0:00:07]} 13. Qh6 {[%emt 0:00:04]} Bf8 {[%emt 0:00:25]} 14. Qh3 {[%emt 0:00:08]} Be7 {[%emt 0:04:40]} 15. Qg3 {[%emt 0:01:44]} b5 {[%emt 0:15:51]} 16. Rd1 {[%emt 0:04:41]} Qc7 {[%emt 0:01:35]} 17. h4 {[%emt 0:00:23]} Bb7 {[%emt 0:04:56]} 18. Bf4 {[%emt 0:01:20]} Bd5 {[%emt 0:05:14]} 19. Nxh7 {[%emt 0:06:29]} O-O-O {[%emt 0:12:14]} 20. Nf6 {[%emt 0:02:41]} Bb7 {[%emt 0:02:48]} 21. f3 {[%emt 0:13:59]} c4 {[%emt 0:21:32]} 22. Rd2 {[%emt 0:04:33]} d6 {[%emt 0:00:00]} 23. Rad1 {[%emt 0:07:45]} Qc5+ {[%emt 0:00:00]} 24. Kf1 {[%emt 0:01:13]} Bc6 {[%emt 0:00:00]} 25. Qxg6 {[%emt 0:06:59]} Rxh4 {[%emt 0:00:00]} 26. Ng8 {[%emt 0:00:18]} Bf8 {[%emt 0:00:00]} 27. Bg3 {[%emt 0:02:20]} Rh8 {[%emt 0:00:39]} 28. Qxe6+ {[%emt 0:03:07]} Bd7 {[%emt 0:00:54]} 29. Ne7+ {[%emt 0:01:21]} Bxe7 {[%emt 0:01:08]} 30. Qxe7 {[%emt 0:00:01]} Qe3 {[%emt 0:01:10]} 31. Bh4 {[%emt 0:00:01]} Qh6 {[%emt 0:00:36]} 32. Bg5 {[%emt 0:01:53]} 1-0